Регионална библиотека "Любен Каравелов" - Русе

Опис на персийските ръкописи в Народната библиотека Кирил и Методий (Запис номер 119039)

MARC детайли
000 -Лидер
Контролно поле с фиксирана дължина 01557nam a2200385 c 4500
003 - Код на организацията, давaща контролен номер
Контролно поле BLK
005 - Дата и час на последна редакция
Контролно поле 20220819121523.0
008 - Елементи от данни с фиксирана дължина
fixed length control field 180409b bul|||||r ||||||| ||bul||
010 ## - Наследен системен номер
LC control number KNG00124653000
040 ## - Източник на каталожния запис
Идентификатор на билиотеката - собственик на записа BLK
041 ## - Код за език
Код за езика на текст/звукозапис или на отделно заглавие Български
Код за езика КДБФ Български
080 ## - УДК
Текстов определител УДК Специална библиография
УДК код - определител по УДК 016
УДК определител :091
УДК - код + определител 016:091
080 ## - УДК
Текстов определител УДК Архивистика. Архиви
УДК код - определител по УДК 930.25
УДК - код + определител 930.25
080 ## - УДК
Текстов определител УДК Ръкописи. Вж и 75.056; 75.057
УДК код - определител по УДК 091
УДК - код + определител 091
100 1# - Редна дума - Автор
Автор Сайяр, Джемшид
Авторска отговорност първи автор
R(LIN) 118500
139 ## - Редно поле
Редна дума Сайяр, Джемшид
Авторски знак Сав - С 13
245 10 - Сведения за заглавието
Заглавие Опис на персийските ръкописи в Народната библиотека Кирил и Методий
Редно поле (дума) Джемшид Сайяр; ред. Галина И. Костигова.
246 11 - Различни форми на заглавието
Паралелно заглавие Cataloge of the persian manuscripts
257 ## - Страна на издаване
Страна на създаване/издаване България
260 ## - Област на издателските данни
Място на издаване, разпространение и проч. София
Име на издателя, разпространителя и проч. Нар. библ. Кирил и Методий
Година на издаване 1973
300 ## - Физическа характеристика
Страници 238 с.
Илюстрации и др. с факс.
Размери/Мащаб 24 см
380 ## - Жанр
Жанр Общ отдел
500 ## - Общи забележки
Забележка Именен и хронол. показалец.
650 #4 - Допълнително описание по предмет – тема
Основно описание – тема или топоним Персийска литература - история
9 (RLIN) 166091
650 #4 - Допълнително описание по предмет – тема
Основно описание – тема или топоним Ръкописи
9 (RLIN) 170078
653 ## - Ключова дума – ненормативна
Ключова дума Персия
653 ## - Ключова дума – ненормативна
Ключова дума ръкописи
653 ## - Ключова дума – ненормативна
Ключова дума описи
700 1# - Други автори (авторска отговорност)
Лично име Костигова, Галина И.
Автороска отговорност (Описва отношението между автора и произведението) ред.
9 (RLIN) 82975
852 ## - Местоположение
Форматна сигнатура Цб 71818
856 4# - Електронен адрес и достъп
Електронен формат pdf - файл
856 4# - Електронен адрес и достъп
Електронен формат pdf - файл
999 ## - СИСТЕМНИ КОНТРОЛНИ НОМЕРА
Koha biblionumber 119039
Koha biblioitemnumber 119039
942 ## - АРТИКУЛИ
Вид на библиотечния материал Книги
Скрит в OPAC Не
Периодичен библиозапис Да
944 ## - СЪЗДАВАНЕ И РЕДАКЦИЯ на ЗАПИСА
Създаване/Редакция Създаване
Дата на регистрацията/редакция 30.07.2011
Статус, дата на статуса 30.07.2011 - от С1,Р / 30.07.2011
Служител, извършил регистрацията/редакцията Нора_Радева
944 ## - СЪЗДАВАНЕ И РЕДАКЦИЯ на ЗАПИСА
Създаване/Редакция Редакция
Дата на регистрацията/редакция 30.07.2011
Статус, дата на статуса 30.07.2011 - от С1,Р / 30.07.2011
944 ## - СЪЗДАВАНЕ И РЕДАКЦИЯ на ЗАПИСА
Създаване/Редакция Редакция
Дата на регистрацията/редакция 2022-08-19
Служител, извършил регистрацията/редакцията Христина Везирева
999 ## - СИСТЕМНИ КОНТРОЛНИ НОМЕРА
Koha biblioitemnumber 119039
Наличности
Код за отписване Код за изгубен артикул Източник на класификационната схема Код за повреда Коз за рестрикции Код за отдаване Артикулен № Име на библиотеката - собственик Име на библиотеката, в която се намира в момента Статус (Текущо местоположение) Дата на вписване в системата Местоположение - отдел Цена в лева Инвентарен номер Систематично азбучна сигнатура Баркод Номер на екземпляра Цена в евро Служебна бележка Служебен тип на артикула
  Не е изгубен Universal Decimal Classification Не е повреден само за читалня ползва се в читалня 192032 Регионална библиотека "Любен Каравелов" Русе Регионална библиотека "Любен Каравелов" Русе СБИД 1973-01-01 СБИД 2.30 168994 С 016:0/С 13 120000168994 1 1.18 N: стар фонд Дата: 01.01.1973 Дата инв: 08.06.2017 Бележки инв: С2017 Книги
  Не е изгубен Universal Decimal Classification Не е повреден без рестрикции ползва се в читалня 192033 Регионална библиотека "Любен Каравелов" Русе Регионална библиотека "Любен Каравелов" Русе Хранилище 1973-01-01 Хранилище 2.30 169015 Цб 71818 120000169015 2 1.18 N: стар фонд Дата: 01.01.1973 Книги
Изтеглен Не е изгубен Universal Decimal Classification Не е повреден без рестрикции ползва се в читалня 192034 Регионална библиотека "Любен Каравелов" Русе Регионална библиотека "Любен Каравелов" Русе Основен фонд - ползва се само за читалня 1973-01-01 Основен фонд - ползва се само за читалня 0.00 168993 016:0/С 13 168993 3 0.00 N: стар фонд Дата: 01.01.1973 Книги
Изтеглен Не е изгубен Universal Decimal Classification Не е повреден без рестрикции ползва се в читалня 192035 Регионална библиотека "Любен Каравелов" Русе Регионална библиотека "Любен Каравелов" Русе Основен фонд - ползва се само за читалня 1973-01-01 Основен фонд - ползва се само за читалня 0.00 168992 016:0/С 13 168992 4 0.00 N: стар фонд Дата: 01.01.1973 Книги
Изтеглен Не е изгубен Universal Decimal Classification Не е повреден без рестрикции ползва се в читалня 192036 Регионална библиотека "Любен Каравелов" Русе Регионална библиотека "Любен Каравелов" Русе Основен фонд - ползва се само за читалня 1973-01-01 Основен фонд - ползва се само за читалня 0.00 168991 016:0/С 13 168991 5 0.00 N: стар фонд Дата: 01.01.1973 Книги
Изтеглен Не е изгубен Universal Decimal Classification Не е повреден без рестрикции ползва се в читалня 192037 Регионална библиотека "Любен Каравелов" Русе Регионална библиотека "Любен Каравелов" Русе Основен фонд - ползва се само за читалня 1973-01-01 Основен фонд - ползва се само за читалня 0.00 168990 016:0/С 13 168990 6 0.00 N: стар фонд Дата: 01.01.1973 Книги
Vip Innovations Ltd, Rousse, Bulgaria 2025